000 01110nam a2200241Ia 4500
999 _c50345
_d50345
001 17286
003 GE_BSU
005 20200212113204.0
008 181216s2015 xx |||||||||||||| ||geo||
020 _a9789941944406
040 _cGE_BSU
041 _ageo
080 _a34+2 მ-59
100 _aმეტრეველი,არჩილ
_96982
245 _aრელიგიის სამართლის საკითხები :
_bმრავალფეროვნება,დისკრიმინაცია,სექტა /
_cარჩილ მეტრეველი ; რედ. მალხაზ ბეგიაშვილი.
264 _aთბილისი :
_bიურისტების სამყარო,
_c2015
300 _a119 გვ.:
_c20 სმ.
653 _aრელიგია
653 _aრელიგიის სამართლის საკითხები
653 _aსამართალი
700 _aბეგიაშვილი, მალხაზ
_eრედაქტორი
_96983
942 _cBK
_2udc